| 000 -LEADER |
| fixed length control field |
02941cam a22004458i 4500 |
| 001 - CONTROL NUMBER |
| control field |
23787821 |
| 005 - DATE AND TIME OF LATEST TRANSACTION |
| control field |
20250821153116.0 |
| 008 - FIXED-LENGTH DATA ELEMENTS--GENERAL INFORMATION |
| fixed length control field |
240718s2026 mau b 001 0 eng |
| 010 ## - LIBRARY OF CONGRESS CONTROL NUMBER |
| LC control number |
2024032846 |
| 020 ## - INTERNATIONAL STANDARD BOOK NUMBER |
| International Standard Book Number |
9781284299489 |
| Qualifying information |
(paperback) |
| 035 ## - SYSTEM CONTROL NUMBER |
| System control number |
23787821 |
| 040 ## - CATALOGING SOURCE |
| Original cataloging agency |
DNLM/DLC |
| Language of cataloging |
eng |
| Description conventions |
rda |
| Transcribing agency |
DLC |
| Modifying agency |
DLC |
| 042 ## - AUTHENTICATION CODE |
| Authentication code |
pcc |
| 050 00 - LIBRARY OF CONGRESS CALL NUMBER |
| Classification number |
TX364 |
| 060 00 - NATIONAL LIBRARY OF MEDICINE CALL NUMBER |
| Classification number |
WB 18 |
| 082 00 - DEWEY DECIMAL CLASSIFICATION NUMBER |
| Classification number |
613.2 |
| Author Mark |
CON |
| 100 1# - MAIN ENTRY--PERSONAL NAME |
| Personal name |
Contento, Isobel R., |
| Relator term |
author. |
| 9 (RLIN) |
130391 |
| 245 10 - TITLE STATEMENT |
| Title |
Nutrition education : |
| Remainder of title |
linking research, theory, and practice / |
| Statement of responsibility, etc. |
Isobel R. Contento, Pamela A. Koch. |
| 250 ## - EDITION STATEMENT |
| Edition statement |
Fifth edition. |
| 263 ## - PROJECTED PUBLICATION DATE |
| Projected publication date |
1111 |
| 264 #1 - PRODUCTION, PUBLICATION, DISTRIBUTION, MANUFACTURE, AND COPYRIGHT NOTICE |
| Place of production, publication, distribution, manufacture |
Burlington, MA : |
| Name of producer, publisher, distributor, manufacturer |
Jones & Bartlett Learning, |
| Date of production, publication, distribution, manufacture, or copyright notice |
[2026] |
| 300 ## - PHYSICAL DESCRIPTION |
| Extent |
xxxiv, 696 pages |
| 336 ## - CONTENT TYPE |
| Content type term |
text |
| Content type code |
txt |
| Source |
rdacontent |
| 337 ## - MEDIA TYPE |
| Media type term |
unmediated |
| Media type code |
n |
| Source |
rdamedia |
| 338 ## - CARRIER TYPE |
| Carrier type term |
volume |
| Carrier type code |
nc |
| Source |
rdacarrier |
| 504 ## - BIBLIOGRAPHY, ETC. NOTE |
| Bibliography, etc. note |
Includes bibliographical references and index. |
| 505 0# - FORMATTED CONTENTS NOTE |
| Formatted contents note |
Nutrition Education for Today's Complex World -- An Overview of Nutrition Education : Motivation, Ability, and Support for Behavior Change -- Nutrition Education DESIGN Procedure and Step 1: Decide Behavior -- Step 2: Exploring Motivating Determinants for Behavior Change -- Step 2: Exploring Facilitating Determinants of Behavior Change -- Step 3: Selecting Theory for Behavior Change -- Step 4: Indicating Educational Objectives for Behavior Change -- Step 5: Generating Educational Plans -- Enhancing Motivation for Behavior Change -- Step 5: Generating Plans -- Facilitating Ability for Behavior Change -- Nail Down the Evaluation Plan: Step 6 -- Creating Environmental Supports for Behavior Change -- Delivering Nutrition Education in Group Settings -- Media Supports and Other Channels for Nutrition Education -- Working with Diverse Age and Cultural Groups -- Nutrition Educators as Change Agents. |
| 520 ## - SUMMARY, ETC. |
| Summary, etc. |
"Nutrition Education: Linking Research, Theory, and Practice provides a straightforward, user-friendly model for designing effective nutrition education programs that address the personal and environmental factors affecting individuals' food choices and assists them in adopting healthy behaviors throughout their lifetime. Built around the six-step DESIGN process, the text integrates research, theory, and practice and provides advice and direction on designing, implementing, and evaluating theory-based nutrition education"-- |
| Assigning source |
Provided by publisher. |
| 546 ## - LANGUAGE NOTE |
| Language note |
In English |
| 590 ## - LOCAL NOTE (RLIN) |
| Local note |
NBL010825 |
| 650 12 - SUBJECT ADDED ENTRY--TOPICAL TERM |
| Topical term or geographic name entry element |
Dietetics |
| General subdivision |
education |
| 9 (RLIN) |
18839 |
| 650 12 - SUBJECT ADDED ENTRY--TOPICAL TERM |
| Topical term or geographic name entry element |
Health Education |
| General subdivision |
methods |
| 9 (RLIN) |
18840 |
| 650 22 - SUBJECT ADDED ENTRY--TOPICAL TERM |
| Topical term or geographic name entry element |
Feeding Behavior |
| 9 (RLIN) |
130392 |
| 650 22 - SUBJECT ADDED ENTRY--TOPICAL TERM |
| Topical term or geographic name entry element |
Health Behavior |
| 9 (RLIN) |
18842 |
| 700 1# - ADDED ENTRY--PERSONAL NAME |
| Personal name |
Koch, Pamela A., |
| Relator term |
author. |
| 9 (RLIN) |
130393 |
| 906 ## - LOCAL DATA ELEMENT F, LDF (RLIN) |
| a |
0 |
| b |
vip |
| c |
orignew |
| d |
1 |
| e |
ecip |
| f |
20 |
| g |
y-gencatlg |
| 942 ## - ADDED ENTRY ELEMENTS (KOHA) |
| Source of classification or shelving scheme |
|
| Koha item type |
Book |